ბათუმის შოთა რუსთაველის სახელმწიფო უნივერსიტეტის ბიბლიოთეკა

მონტესორის პედაგოგიკა და ახალი ტექნოლოგიები : (ბიბ.ჩანაწერი № 59286)

000 -ლიდერი
ფიქსირებული სიგრძის საკონტროლო ველი 01481nam a22002417a 4500
003 - საკონტროლო ნომრის იდენტიფიკატორი
საკონტროლო ველი Ge_BSU
005 - ბოლო ოპერაციის თარიღი და დრო
საკონტროლო ველი 20221230111113.0
008 - ფიქსირებული სიგრძის მონაცემთა ელემენტები - ზოგადი ინფორმაცია
ფიქსირებული სიგრძის საკონტროლო ველი 221230s2022ge xxu||||| |||| 00| 0 geo d
020 ## - წიგნის საერთაშორისო სტანდარტული ნომერი
International Standard Book Number 9789941972492.
041 ## - ენის კოდი
Language code of text/sound track or separate title geo
Language code of accompanying material other than librettos ita
080 ## - უნივერსალური ათობითი კლასიფიკაციის ინდექსი
Universal Decimal Classification number 37.01 ვ-16
100 ## - მთავარი ჩანაწერი - პიროვნების სახელი
Personal name ვალე, მარიო
9 (RLIN) 16645
245 ## - ცნობა სათაურის შესახებ
Title მონტესორის პედაგოგიკა და ახალი ტექნოლოგიები :
Remainder of title შესაძლო ინტეგრაცია? /
Statement of responsibility, etc მარიო ვალე ; გრაცია ჰონეჯერ ფრესკოს წინასიტყვაობით ; იტალიურიდან თარგმნა მაია ტურაბელიძემ
264 ## - წარმოების, გამოცემის, დისტრიბუციის და სხვა ცნობები
გამოცემის, წარმოების, დისტრიბუციის... ადგილი თბილისი :
გამოცემის, წარმოების, დისტრიბუციის... სახელწოდება საგა,
გამოცემის, წარმოების, დისტრიბუციის... თარიღი 2022.
300 ## - ფიზიკური აღწერა
Extent 197 გვ.
Other physical details 20 სმ.
546 ## - LANGUAGE NOTE
Language note პარალელური სათაური იტალიურ ენაზე.
653 ## - INDEX TERM--UNCONTROLLED
Uncontrolled term მონტესორის პედაგოგიკა და ახალი ტექნოლოგიები
653 ## - INDEX TERM--UNCONTROLLED
Uncontrolled term პედაგოგიკა
653 ## - INDEX TERM--UNCONTROLLED
Uncontrolled term ახალი ტექნოლოგიები
700 ## - ADDED ENTRY--PERSONAL NAME
Personal name ფრესკო, გრაცია ჰონეჯერ
Relator term წინასიტყვაობის ავტორი
9 (RLIN) 16646
700 ## - ADDED ENTRY--PERSONAL NAME
Personal name ტურაბელიძე, მაია
Relator term მთარგმნელი
9 (RLIN) 16647
942 ## - ADDED ENTRY ELEMENTS (KOHA)
Source of classification or shelving scheme
Koha item type წიგნი
ეგზემპლარები
ჩამოწერის სტატუსი დაკარგული ეგზემპლარის სტატუსი კლასიფიკაციის წყარო ან თაროზე გაწყობის სქემა დაზიანების სტატუსი არ გაიცემა მუდმივი მდებარეობა (დაცვის ადგილი) ამჟამინდელი ადგილსამყოფელი თაროზე განთავსების ადგილი შეძენის თარიღი ღირებულება, შესყიდვის ნორმალური ფასი სრული შენახვის შიფრი შტრიხკოდი ბოლო ოპერაციის თარიღი ეგზემპლარის მიმდევრობითი ნომერი (კეტერი?) Uniform Resource Identifier ფასის ძალაში შესვლის თარიღი ეგზემპლარის სახეობა საჯარო შენიშვნა
          ბათუმის შოთა რუსთაველის სახელმწიფო უნივერსიტეტის მთავარი ბიბლიოთეკა ბათუმის შოთა რუსთაველის სახელმწიფო უნივერსიტეტის მთავარი ბიბლიოთეკა წიგნსაცავი 2022-12-30 7.00 37.01 ვ-16 63432 2022-12-30 63432 ნაჩუქარი 2022-12-30 წიგნი 7.00
          ბათუმის შოთა რუსთაველის სახელმწიფო უნივერსიტეტის მთავარი ბიბლიოთეკა ბათუმის შოთა რუსთაველის სახელმწიფო უნივერსიტეტის მთავარი ბიბლიოთეკა წიგნსაცავი 2024-01-26 15.00 37.01 ვ-16 67186 2024-01-26 67186   2024-01-26 წიგნი 15.00
          ბათუმის შოთა რუსთაველის სახელმწიფო უნივერსიტეტის მთავარი ბიბლიოთეკა ბათუმის შოთა რუსთაველის სახელმწიფო უნივერსიტეტის მთავარი ბიბლიოთეკა წიგნსაცავი 2024-01-26 15.00 37.01 ვ-16 67187 2024-01-26 67187   2024-01-26 წიგნი 15.00
          ბათუმის შოთა რუსთაველის სახელმწიფო უნივერსიტეტის მთავარი ბიბლიოთეკა ბათუმის შოთა რუსთაველის სახელმწიფო უნივერსიტეტის მთავარი ბიბლიოთეკა წიგნსაცავი 2024-01-26 15.00 37.01 ვ-16 67188 2024-01-26 67188   2024-01-26 წიგნი 15.00
          ბათუმის შოთა რუსთაველის სახელმწიფო უნივერსიტეტის მთავარი ბიბლიოთეკა ბათუმის შოთა რუსთაველის სახელმწიფო უნივერსიტეტის მთავარი ბიბლიოთეკა წიგნსაცავი 2024-01-26 15.00 37.01 ვ-16 67189 2024-01-26 67189   2024-01-26 წიგნი 15.00
          ბათუმის შოთა რუსთაველის სახელმწიფო უნივერსიტეტის მთავარი ბიბლიოთეკა ბათუმის შოთა რუსთაველის სახელმწიფო უნივერსიტეტის მთავარი ბიბლიოთეკა წიგნსაცავი 2024-01-26 15.00 37.01 ვ-16 67190 2024-01-26 67190   2024-01-26 წიგნი 15.00